000 00778nam0a22002411 4500
001 rc\777746
005 20040301143200.4
035 _a(NLR Aleph) 006303807
090 _a7279308
_c7279308
100 _a20040301d1984 u |0rusy50 ca
101 0 _arus
102 _aRU
105 _aa |||||||||
200 1 _aПравда о неправде
_eКритич. очерки по соврем. империалист. антисов. пропаганде
205 _a2-е изд., перераб. и доп.
210 _aМ.
_cПолитиздат
_d1984
215 _a270 с.
_cил.
_d16
700 1 _aАртемов
_bВ. Л.
_gВладимир Львович
801 0 _aRU
_bNLR
_gpsbo
801 1 _aRU
_bELAR
_2rusmarc
852 _aNLR
_j84-2/2586
942 _cBOOK
980 _aNB